000 00509nam a2200181 i 4500
003 DO-SdBNP
005 20240708112956.0
007 ta
008 240708b1983 cl ||||| |||| 00| 0 spa d
040 _aDO-SdBNP
_bspa
_cBNPHU
_erda
082 4 _222
100 _aCorrea, Raquel,
_eautora
_985985
245 1 4 _aLos generales del regimen /
_cRaquel Correa, Malu Sierra, Elizabeth Subercaseaux
264 _aChulie :
_bAconcagua,
_c1983
590 _aInventariado, 2024
910 _aBtavâ–ş0rez
942 _2ddc
_cLBS1
999 _c57202
_d57202